Hóa đại cương; T1 = Chimie générale

保存先:
書誌詳細
第一著者: Réné Didier
フォーマット: 図書
言語:Undetermined
出版事項: Hà Nội Giáo Dục 1999
主題:
タグ: タグ追加
タグなし, このレコードへの初めてのタグを付けませんか!
Thư viện lưu trữ: Trung tâm Học liệu Trường Đại học Cần Thơ
LEADER 00477nam a2200181Ia 4500
001 CTU_40169
008 210402s9999 xx 000 0 und d
082 |a 540 
082 |b D556/T 
100 |a Réné Didier 
245 0 |a Hóa đại cương; T1 
245 0 |b = Chimie générale 
245 0 |c Réné Didier 
260 |a Hà Nội 
260 |b Giáo Dục 
260 |c 1999 
650 |a chemistry 
980 |a Trung tâm Học liệu Trường Đại học Cần Thơ